Statistics for Toronto Blue Jays Starting Lineups 2010's

Click here to take the quiz!

General Stats

  • This quiz has been taken 75 times
    (24 since last reset)
  • The average score is 49 of 90

Answer Stats

NumberPositionAnswer% Correct
10DHEdwin Encarnacion
95%
10DHEdwin Encarnacion
95%
101BEdwin Encarnacion
95%
101BEdwin Encarnacion
95%
123BEdwin Encarnacion
95%
10DHEdwin Encarnacion
95%
10DHEdwin Encarnacion
95%
19RFJose Bautista
95%
19RFJose Bautista
95%
19RFJose Bautista
95%
19RFJose Bautista
95%
19RFJose Bautista
95%
19RFJose Bautista
95%
19RFJose Bautista
95%
19RFJose Bautista
95%
203BJosh Donaldson
95%
203BJosh Donaldson
95%
203BJosh Donaldson
95%
141BJustin Smoak
86%
141BJustin Smoak
86%
141BJustin Smoak
86%
141BJustin Smoak
86%
141BJustin Smoak
86%
11CFKevin Pillar
81%
11CFKevin Pillar
81%
11CFKevin Pillar
81%
11CFKevin Pillar
81%
2SSTroy Tulowitzki
81%
55CRussell Martin
76%
55CRussell Martin
76%
55CRussell Martin
76%
55CRussell Martin
76%
9CDanny Jansen
71%
273BVladimir Guerrero Jr
71%
17SSRyan Goins
62%
172BRyan Goins
62%
292BDevon Travis
57%
292BDevon Travis
57%
7SSJose Reyes
57%
7SSJose Reyes
57%
7SSJose Reyes
57%
82BCavan Biggio
48%
9CJP Arencibia
48%
9CJP Arencibia
48%
9CJP Arencibia
48%
37CFTeoscar Hernandez
48%
37LFTeoscar Hernandez
48%
261BAdam Lind
43%
26DHAdam Lind
43%
261BAdam Lind
43%
26DHAdam Lind
43%
26DHAdam Lind
43%
133BBrett Lawrie
43%
133BBrett Lawrie
43%
133BBrett Lawrie
43%
21LFMichael Saunders
43%
13LFLourdes Gurriel Jr
38%
30CDioner Navarro
33%
22BKelly Johnson
33%
8DHKendrys Morales
33%
8DHKendrys Morales
33%
15RFRandal Grichuk
33%
15RFRandal Grichuk
33%
44DHRowdy Tellez
33%
22BAaron Hill
29%
22BAaron Hill
29%
28CFColby Rasmus
29%
28CFColby Rasmus
29%
28CFColby Rasmus
29%
53LFMelky Cabrera
29%
53LFMelky Cabrera
29%
1SSAledmys Diaz
24%
7LFBen Revere
24%
351BLyle Overbay
24%
662BMunenori Kawasaki
24%
11LFRajai Davis
24%
11CFRajai Davis
24%
10CFVernon Wells
24%
11SSAlex Gonzalez
19%
14CJohn Buck
19%
16SSFreddy Galvis
14%
263BYangervis Solarte
14%
5SSYunel Escobar
14%
5SSYunel Escobar
14%
182BDarwin Barney
10%
12BEmilio Bonifacio
10%
46LFEric Thames
10%
15LFFred Lewis
10%
28LFSteve Pearce
10%
473BJuan Francisco
5%

Score Distribution

Percentile by Number Answered

Percent of People with Each Score

Your Score History

You have not taken this quiz since the last reset